Statistics for Toronto Raptors NBA All-Stars

Click here to take the quiz!

General Stats

  • This quiz has been taken 467 times
    (204 since last reset)
  • The average score is 6 of 7

Answer Stats

Players Selections Last % Correct
Kyle Lowry62020
98%
Vince Carter52004
97%
DeMar DeRozan42018
95%
Pascal Siakam12020
94%
Kawhi Leonard12019
92%
Chris Bosh52010
82%
Antonio Davis12001
34%

Score Distribution

Percentile by Number Answered

Percent of People with Each Score

Your Score History

You have not taken this quiz since the last reset